| 000 | 00710nam a2200217 a 4500 | ||
|---|---|---|---|
| 001 | BRCA_6188 | ||
| 005 | 20190320205350.0 | ||
| 008 | 110711s1820----enkab#####---#000-0#eng-# | ||
| 041 | _aeng | ||
| 044 | _aenk | ||
| 050 | 4 |
_aDB77 H6 _b.H36 _c1820 |
|
| 245 | 1 | 0 |
_aMemoirs of the life Andrew Hofer _bcontaining an account of the transactions in the Tyrol during the year 1809, taken from the German _cby Charles Henry Hall |
| 260 |
_aLondres _bJ. Murray _c1820 |
||
| 300 |
_a198 p. _bil. (algunas a color), mapas _c23 cm. |
||
| 500 | _aTiene anotaciones en la página 1 | ||
| 500 | _aI48 | ||
| 650 | 1 | 4 |
_aHofer, Andreas _y1767-1810 _915578 |
| 651 | 4 |
_aAustria _xHistoria _915579 |
|
| 902 | _aGFM | ||
| 942 |
_2lcc _cB |
||
| 999 |
_c5875 _d5875 |
||